Statistics for This is Germany - Pictures

Click here to take the quiz!

General Stats

  • This quiz has been taken 159 times
  • The average score is 11 of 21

Answer Stats

Answer% Correct
Einstein
98%
Beer
86%
Berlin Tower
80%
Beethoven
74%
Berlin Wall
74%
Bratwurst
66%
VW Beetle
65%
Brandenberg Gate
64%
Luther
61%
Karl Marx
55%
Rhine
51%
Mercedes
50%
Sauerkraut
45%
Cologne Cathedral
44%
Black Forest Cake
40%
Porsche
32%
Checkpoint Charlie
30%
Stein
26%
Gutenberg Bible
15%
Riesling Grapes
14%
Eagles Nest
12%

Score Distribution

Percentile by Number Answered

Percent of People with Each Score

Your Score History

You have not taken this quiz